000
00316nam a22001337a 4500
020
_a
978-81-8477-493-1
082
_a
570
_b
BAS/M
100
_a
BIMAN BASU
245
_a
MASTERING SCIENCE
_b
CLASS VIII
260
_a
DELHI
_b
SCHOLASTIC INDIA
_c
2011
300
_a
247
650
_a
SCIENCE FOR CLASS VIII
_z
INDIA
942
_c
BK
999
_c
955
_d
955